000 01015cam a22003013a 4500
001 5623
003 PGUSA
005 20140828083122.0
008 040501s2004||||xxu|||||s|||||000 1 eng d
040 _aPGUSA
_beng
042 _adc
050 4 _aPS
050 4 _aPZ
100 1 _aAlger, Horatio,
_d1832-1899
245 1 4 _aThe Young Explorer; Or, Claiming His Fortune
_h[electronic resource] /
_cHoratio Alger
260 _bProject Gutenberg,
_c2004
506 _aPublic domain in the USA.
516 _aElectronic text
653 _aSierra Nevada (Calif. and Nev.) -- History -- 19th century -- Juvenile fiction
653 _aOrphans -- Juvenile fiction
653 _aConduct of life -- Juvenile fiction
653 _aGold mines and mining -- Juvenile fiction
653 _aCalifornia -- History -- 19th century -- Juvenile fiction
653 _aInheritance and succession -- Juvenile fiction
830 0 _aProject Gutenberg
_v5623
856 4 0 _uhttp://www.gutenberg.org/ebooks/5623
942 _cEB
999 _c234951
_d234951